|
|
|
|
| LEADER |
01034nam a2200325 a 4500 |
| 001 |
000547918 |
| 003 |
CZ BrMZK |
| 005 |
20000105143423.0 |
| 007 |
ta |
| 008 |
930225s1992 xr f 000 m cze d |
| 015 |
|
|
|a cnb000071005
|
| 020 |
|
|
|a 80-7116-234-5
|q (Brož.)
|
| 035 |
|
|
|a (OCoLC)39575445
|
| 040 |
|
|
|a BOA001
|b cze
|
| 041 |
1 |
|
|a cze
|h ger
|
| 080 |
|
|
|a 830-312.5=850
|2 MRF
|
| 100 |
1 |
|
|a Vandenberg, Patricia,
|d 1921-2007
|7 jn20000810141
|4 aut
|
| 245 |
1 |
0 |
|a Byl to jen soucit? /
|c Patricia Vandenbergová ; Z něm. přel. David Kles
|
| 250 |
|
|
|a 1. vyd.
|
| 260 |
|
|
|a Praha :
|b I. Železný,
|c 1992
|
| 300 |
|
|
|a 60 s. ;
|c 20 cm
|
| 490 |
1 |
|
|a Dr. Norden ;
|v 7
|
| 490 |
1 |
|
|a Knihovnička Večerů pod lampou ;
|v 67
|
| 700 |
1 |
|
|a Kles, David
|7 jx20050726039
|4 trl
|
| 765 |
0 |
|
|t Was es nur Mitleid?
|9 Česky
|
| 830 |
|
0 |
|a Dr. Norden
|0 s
|
| 830 |
|
0 |
|a Knihovnička Večerů pod lampou
|
| 910 |
|
|
|a BOA001
|b 1-0979.930
|
| 990 |
|
|
|a BK
|
| 996 |
6 |
|
|b 2619605815
|c 1-0979.930
|l MZK
|r Sklad / do 1 hodiny
|n 1
|w 000547918
|u 000010
|a 1
|e BOA001
|j MZK50
|s P
|